000 01046nam a2200301Ia 4500
001 12527
003 IT-RoPAU
008 130308s9999 xx 000 0 und d
040 _aIT-RoPAU
040 _cIT-RoPAU
041 _aITALIANO
100 _aWeiss Ignazio
100 _gCodice Aut. SPICS: 509
245 _aPolitica dell'informazione (La)
245 _bProblemi dell'informazione Pubblicistica
250 _a1a ed.
260 _aVICENZA
260 _bCentro Studi Nicolo' Rezzara
260 _c1974 [1° Ed.:1974 - Ed.Ling.Originale:1969]
300 _a"75 p. (prefazione: no ; testo: 75 [pagine: 13-87])"
500 _aGiornale e Giornalismo Funzione e classificazione del giornale Struttura del giornale impaginazione del giornale Struttura Economica dell'impresa Giornalistica Sociologia dell'informazione Pubblica Aspetti Economici e legislativi Problemi e Prospettive
650 _aSAGGI DI STAMPA DI MASSA
650 _eCodice materia Spics: 6661
942 _cBK
957 _71
999 _c50163
_d50163
999 _bSI
999 _g1